|
|
|
|
| LEADER |
00000nam a22000005a 4500 |
| 001 |
vtls011710236 |
| 003 |
SK-MaSNL |
| 005 |
20260302020128.0 |
| 008 |
240314s2016 xxk f 000 0 eng |
| 020 |
|
|
|a 9781783301072
|q (viaz.)
|
| 040 |
|
|
|a SNK
|b slo
|c SNK
|e AACR2
|
| 041 |
0 |
|
|a eng
|
| 044 |
|
|
|a xxk
|c GB
|
| 100 |
1 |
|
|a Allan, Barbara
|4 aut
|9 662700
|
| 245 |
1 |
0 |
|a Emerging strategies for supporting student learning
|c Barbara Allan
|
| 260 |
|
|
|a London
|b Facet Publishing
|c 2016
|
| 300 |
|
|
|a 178 s.
|b grafy
|c 25 cm
|
| 919 |
|
|
|a 978-1-78330-107-2
|
| 999 |
|
|
|c 1023948
|d 1025878
|
| 952 |
|
|
|a SNK
|b SNK
|y VYP
|7 0
|p 17A1270649
|o snkIC 143469
|i snk2017/19645
|8 3
|g 134.24
|0 0
|1 0
|4 0
|d 2017-09-08
|l 0
|r 2026-02-24 13:33:32
|w 2026-02-24
|